000 00459nam a2200193Ia 4500
001 14435
003 GE_BSU
008 181216s||||||||xx |||||||||||||| ||und||
040 _cGE_BSU
080 _a821.111-3
100 _aKushner, Harold S.
245 _aWhen all you've ever wanted isn't enough
260 _aLondon
260 _bPan books
260 _c1986
300 _a189p.19cm.
653 _aWhen all you've ever wanted isn't enough
942 _cBK
999 _c47571
_d47571